000 01541cam a2200181 4500
001 L131077
008 050926n2005 000 0 eng u
035 _a(Sirsi) u131077
041 0 _aeng
110 1 _aUnited Kingdom
_bOffice of Fair Trading
_94767
245 _aGuidance on unfair terms in tenancy agreements
260 _aLondon
_bOFT
_c2005
520 _aThis revised version of the OFT's 2001 guidance on how the Unfair Terms in Consumer Contracts Regulations 1999 apply to tenancy contracts is updated to reflect enforcement action taken by the OFT, court judgments and recent experience in dealing with tenancy contract complaint. The guidance outlines why some standard contract terms used in standard tenancy contracts are considered to be potentially unfair and includes examples of such terms and possible ways of revising them. It also refers to tenancy agreements used by public sector and social housing providers including local authorities, following court rulings that the1999 regulations apply to these providers. A consumer leaflet "Unfair tenancy terms - don't get caught out" giving a brief overview of the OFT's views on unfair terms in tenancy agreements has also been published.
590 _aIKA270905
690 _aPROPERTY-RESIDENTIAL PROPERTY-LEASEHOLD RESIDENTIAL PROPERTY-RESIDENTIAL LANDLORD AND TENANT-TENANCY AGREEMENTS
856 _uhttps://www.oft.gov.uk/shared_oft/reports/unfair_contract_terms/oft356.pdf
_zView the revised guidance and the consumer leaflet free at www.oft.gov.uk...
942 _n0
999 _c104630
_d104630